000 00304nam a2200121Ia 4500
008 240624s9999 xx 000 0 und d
041 _aeng
082 _a658.8 PAL
100 _aPALIWAL PRAMOD
245 _aCASES IN BUSINESS MARKETING
260 _c2013
_aNew Delhi
_bTata McGraw - Hill
365 _cRS
_b33
999 _c25969
_d25969